000 00405nam a22001577a 4500
003 CEME
005 20210628202234.0
008 210301b xxu||||| |||| 00| 0 eng d
040 _c.
082 _a891.4393 NAS
100 _aNasim Hajazi
_958947
245 _aDastaney mujahid
260 _aLAHORE
_bSANG E MEEL PUBLISHER
_c2000
650 _aURDU ADAB-NOVEL-DASTANEY MUJAHID.
_958948
942 _cBK
_2ddc
999 _c569016
_d569016